000 00431nam a2200181Ia 4500
001 24638
005 20260414151057.0
008 260414t2011||||xx |||||||||||||| ||spa||
041 _aESP
082 _a345.721
_bC16
100 _aCaivano, Roque J.
_eAUT
245 0 _aControl judicial en el arbitraje
_b
260 _c2011
300 _a671 páginas :
_c24 cm.
650 _aDER
654 _aCDE
942 _cLIB
_dJUS
_fJUS
_2ddc
_n
999 _c24638
_d24638